Kapitálový trh a burzy Stručný slovník

Guardado en:
Detalles Bibliográficos
Otros Autores: Černá, Jana
Formato: Libro
Lenguaje:eslovaco
Publicado: Bratislava Elita 1991
Edición:1. vyd.
Materias:
Etiquetas: Agregar Etiqueta
Sin Etiquetas, Sea el primero en etiquetar este registro!

MARC

LEADER 00000nam a2200000 4500
001 c001462
005 20221214093936.2
020 |a 80-85323-07-9 
041 0 |a slo 
044 |a SK 
245 1 0 |a Kapitálový trh a burzy  |b Stručný slovník  |c Zodp. red. Jana Černá 
250 |a 1. vyd. 
264 1 |a Bratislava  |b Elita  |c 1991 
300 |a 78 s. 
610 2 0 |a trh kapitálový 
610 2 0 |a burzy 
610 2 0 |a terminológia 
700 1 |a Černá, Jana